00321nam a22000857a 4500008004100000082002100041245013000062260003500192300000800227230629b xxu||||| |||| 00| 0 eng d a338.91bUNP 1987 aThe Millitary Situation in and Relating to NamibiabReport of Standing Committee II of the United Nations Council for Namibia aNew YorkbUnited Nationsc1987 a15p